Großstädte von Benelux - Statistiken

Allgemein
  • Dieses Quiz wurde 118 mal gespielt
  • Das Durchschnittsergebnis liegt bei 16 aus 43
Antwortstatistiken
Einwohnerzahl Land Stadt % Korrekt
934.927 Niederlande Amsterdam
99%
671.125 Niederlande Rotterdam
97%
188.737 Belgien Brüssel
95%
530.630 Belgien Antwerpen
92%
132.780 Luxemburg Luxemburg
92%
565.701 Niederlande Den Haag
89%
265.086 Belgien Gent
76%
195.278 Belgien Lüttich
72%
246.443 Niederlande Eindhoven
71%
118.509 Belgien Brügge
68%
243.833 Niederlande Groningen
67%
374.411 Niederlande Utrecht
63%
167.651 Niederlande Arnhem
49%
125.203 Niederlande Maastricht
46%
161.741 Niederlande Enschede
43%
202.421 Belgien Charleroi
41%
112.311 Niederlande Alkmaar
38%
122.547 Belgien Anderlecht
38%
229.797 Niederlande Tilburg
34%
187.011 Niederlande Nijmegen
33%
103.785 Niederlande Venlo
33%
167.763 Niederlande Haarlem
30%
188.217 Niederlande Breda
28%
133.133 Niederlande Zwolle
25%
226.630 Niederlande Almere
21%
130.181 Niederlande Leiden
21%
102.236 Belgien Löwen
18%
109.361 Niederlande Emmen
14%
112.559 Belgien Namur
13%
160.740 Niederlande ’s-Hertogenbosch
13%
168.212 Niederlande Apeldoorn
12%
122.089 Niederlande Dordrecht
12%
123.489 Niederlande Ede
11%
161.825 Niederlande Amersfoort
8%
128.857 Niederlande Leeuwarden
8%
109.573 Niederlande Delft
7%
103.402 Niederlande Deventer
5%
130.690 Belgien Schaerbeek
5%
163.196 Niederlande Haarlemmermeer
4%
161.429 Niederlande Zaanstad
3%
128.424 Niederlande Zoetermeer
1%
114.968 Niederlande Alphen aan den Rijn
0%
115.984 Niederlande Westland
0%
Keine übereinstimmenden Quizze gefunden
Verteilung der Resultate
Anzahl Personen mit jedem Resultat
Perzentil nach korrekt beantworteten Fragen
Ihre Resultats-Entwicklung
Sie haben dieses Quiz noch nicht gespielt